Dzielnice Częstochowy (z mapą) - Statystyki

Ogólne statystyki
  • Ten quiz został rozwiązany 583 razy
  • Średni wynik to 13 z 20
Odpowiedzi na mapie
Odpowiedzi zakodowano w zielono-czerwonej skali na mapie do tego quizu, zgodnie z poniższymi procentami.
 
Statystyki odpowiedzi
Dzielnica % Poprawnych
Raków
93%
Śródmieście
87%
Północ
80%
Stradom
77%
Ostatni Grosz
76%
Stare Miasto
76%
Tysiąclecie
72%
Lisiniec
70%
Błeszno
67%
Wrzosowiak
63%
Podjasnogórska
61%
Trzech Wieszczów
61%
Dźbów
60%
Wyczerpy-Aniołów
60%
Grabówka
59%
Zawodzie-Dąbie
59%
Kiedrzyn
55%
Mirów
53%
Częstochówka-Parkitka
50%
Gnaszyn-Kawodrza
36%
Nie znaleziono quizów pasujących do podanych kryteriów
Rozkład punktacji
Procent ludzi z każdym wynikiem
Percentyl według liczby udzielonych odpowiedzi
Twoja historia wyników
Nie rozwiązałeś tego quizu